Представление документа в формате MARC21

Поле Инд. ПП Название Значение
Тип записи a
Библиографический уровень b
001 Контрольный номер RU/IS/BASE/441305613
005 Дата корректировки 20200522191632.3
008 Кодируемые данные 20131225
040 b Код языка каталог. rus
e Правила каталог. PSBO
041 0_ a Код языка текста rus
084 a Индекс другой классификации/Индекс ББК 65.29
100 1_ a Автор Крылов Д.
245 10 a Заглавие Как оценить фактическую рыночную эффективность деятельности публичной коммерческой организации
504 a Библиография Лит. в конце статьи
520 a Аннотация Рассматривается система показателей для оценки фактической рыночной эффективности деятельности публичной компании, предлагаются способы формирования таких показателей на основе отечественной финансовой отчетности и биржевой информации.
650 14 a Основная рубрика экономика
a Основная рубрика экономика предприятия
653 1_ a Ключевые слова бизнес-планирование
a Ключевые слова деловая репутация
a Ключевые слова добавленная стоимость
a Ключевые слова конкурентоспособность предприятия
a Ключевые слова коэффициент деловой репутации
a Ключевые слова менеджмент (управление предприятием)
a Ключевые слова микроэкономика
a Ключевые слова оценка эффективности
a Ключевые слова прибыльность предприятия
a Ключевые слова Россия
a Ключевые слова стратегическое планирование
a Ключевые слова эффективность предприятия
773 08 t Заглавие источника РИСК: ресурсы, информация, снабжение, конкуренция
d Дата издания источника 2012
g Прочая информация № 3. - С. 340 - 344 : расчет.
w Контрольный № источника RU/IS/BASE/407439363
901 t Тип документа b